Юность России в изобразительном искусстве из собрания Русского музея (Запись № 4101463)

Подробности
000 -МАРКЕР
контрольное поле 02212nam0a2200397 i 4500
001 - ИДЕНТИФИКАТОР ЗАПИСИ
контрольное поле RU\NLR\bibl\1993350
005 - ИДЕНТИФИКАТОР ВЕРСИИ
контрольное поле 20260407074811.0
010 ## - МЕЖДУНАРОДНЫЙ СТАНДАРТНЫЙ НОМЕР КНИГИ (ISBN)
Номер (ISBN) 9785933324027
Тираж 2000
021 ## - НОМЕР ГОСУДАРСТВЕННОЙ РЕГИСТРАЦИИ
Код страны Российская Федерация
Номер 2015-929и
Номер Листа государственной регистраци 99и
035 ## - ДРУГИЕ СИСТЕМНЫЕ НОМЕРА
Идентификатор записи (NLR Aleph) 001981832
100 ## - ДАННЫЕ ОБЩЕЙ ОБРАБОТКИ
Данные общей обработки 20130130d2012 u y0rusy50 ca
101 0# - ЯЗЫК РЕСУРСА
Язык текста, звукозаписи и т.д. русский
102 ## - СТРАНА ПУБЛИКАЦИИ ИЛИ ПРОИЗВОДСТВА
Страна публикации Российская Федерация
105 ## - ПОЛЕ КОДИРОВАННЫХ ДАННЫХ: ТЕКСТОВЫЕ МАТЕРИАЛЫ, МОНОГРАФИЧЕСКИЕ
Кодированные данные о монографическом текстовом документе ac z||||11yd
200 1# - ЗАГЛАВИЕ И СВЕДЕНИЯ ОБ ОТВЕТСТВЕННОСТИ
Основное заглавие Юность России в изобразительном искусстве из собрания Русского музея
Сведения, относящиеся к заглавию [каталог произведений]
-- к 1150-летию основания российской государственности
Первые сведения об ответственности [авт. вступ. ст.: Евгения Петрова
Последующие сведения об ответственности ист. коммент.: Виктория Борисенко
-- авт. аннот.: Александра Васильева и др.]
210 ## - ПУБЛИКАЦИЯ, РАСПРОСТРАНЕНИЕ И ДР.
Место издания, распространения и т.д. Санкт-Петербург
Имя издателя, распространителя и т. д. Palace Editions
Дата издания, распространения и т.д. 2012
215 ## - ФИЗИЧЕСКАЯ ХАРАКТЕРИСТИКА
Специфическое обозначение материала и объем 120 с.
Другие сведения о физической характеристике ил., цв. ил., портр.
Размеры 31
225 1# - СЕРИЯ
Основное заглавие серии Альманах
Сведения об ответственности Русский музей
Обозначение тома Вып. 340
300 ## - ОБЩИЕ ПРИМЕЧАНИЯ
Текст примечания Загл. суперобл.: Юность России
320 ## - ПРИМЕЧАНИЯ О НАЛИЧИИ В ДОКУМЕНТЕ БИБЛИОГРАФИИ / УКАЗАТЕЛЯ
Текст примечания Библиогр. в примеч. в конце ст.
320 ## - ПРИМЕЧАНИЯ О НАЛИЧИИ В ДОКУМЕНТЕ БИБЛИОГРАФИИ / УКАЗАТЕЛЯ
Текст примечания Указ. имен художников: с. 118-120
512 1# - ЗАГЛАВИЕ ОБЛОЖКИ
Заглавие обложки Юность России
601 02 - НАИМЕНОВАНИЕ ОРГАНИЗАЦИИ КАК ПРЕДМЕТ
Начальный элемент ввода Государственный Русский музей
Идентифицирующий признак Санкт-Петербург, город
Формальный подзаголовок Каталоги
Тематический подзаголовок Коллекция изобразительного искусства
Системный номер авторитетной/нормативной записи 2462448
Идентификатор авторитетной/нормативной записи RU\NLR\AUTH\661463073
606 1# - НАИМЕНОВАНИЕ ТЕМЫ КАК ПРЕДМЕТ
Наименование темы Изобразительное искусство русское
Формальный подзаголовок Каталоги
Тематический подзаголовок Тематика
Хронологический подзаголовок 18 - 20 вв.
Системный номер авторитетной/нормативной записи 2344599
Идентификатор авторитетной/нормативной записи RU\NLR\AUTH\661401189
686 1# - ИНДЕКСЫ ДРУГИХ КЛАССИФИКАЦИЙ
Индекс Щ101.3(2Р)-2Петербург2Русский музей я26
686 1# - ИНДЕКСЫ ДРУГИХ КЛАССИФИКАЦИЙ
Индекс Щ103(2Р=Рус)5-3я26
712 02 - НАИМЕНОВАНИЕ ОРГАНИЗАЦИИ - ВТОРИЧНАЯ ОТВЕТСТВЕННОСТЬ
Код отношения Прочие
Начальный элемент ввода Государственный Русский музей
Идентифицирующий признак Санкт-Петербург
Системный номер авторитетной/нормативной записи 278750
Идентификатор авторитетной/нормативной записи RU\NLR\AUTH\883719
801 #0 - ИСТОЧНИК ЗАПИСИ
Страна Российская Федерация
Организация NLR
Дата составления 20130130
Правила каталогизации RCR
801 #1 - ИСТОЧНИК ЗАПИСИ
Страна Российская Федерация
Организация NLR
Дата составления 20130130
942 ## - ДОПОЛНИТЕЛЬНЫЕ ЭЛЕМЕНТЫ ЗАПИСИ (АБИС)
Тип экземпляра АБИС Книга
980 ## - КОЛЛЕКЦИЯ
Название коллекции НБР

Нет доступных экземпляров.